00709nam a2200193 a 450000100060000000300090000600800410001501500210005602000340007704000280011108200150013924500800015426000440023430000380027850000730031650500320038965000590042170000350048025280CO-ViMGA141112s2004 ck r 000 u spa d ack - 2011 - 2013 a9789582415112 (obra completa) aCO-ViMGAbspacCO-ViMGA04a510.71 I6810aInteractivo : bmatemáticas / cMarta Lucía Acosta Mahecha ... [et al.] aBogotá : bSantillana, cc2011 - 2013 av. . il. col., fot. col. ; 28 cm. aLibro 1 : Libro del estudiante - - Libro 2 : Taller de matemáticas aLibro 1 - 2, grados : 3 - 514aMatemáticas - Enseñanza primaria - Libros de texto1 aAcosta Mahecha, Martha Lucía